00746nam a2200241 a 450000100060000000300080000600500170001400800410003102000250007202000220009703500190011904000180013804100080015608200250016424500580018925000120024726000580025930000360031750000240035350400670037765000340044470000260047860128BD-RjUL20211209080816.0161228s2012 enka b 001 0 eng  a9780199570843 (pbk.) a0199570841 (pbk.) a(BD-RjUL)60252 aDLCcDLCbeng aeng04a361.610941bSOC 201200aSocial policy /cedited by John Baldock ... [et al.]. a4th ed. aOxford ;aNew York :bOxford University Press,c2012. axxiii, 561 p. :bill. ;c27 cm. aPrevious ed.: 2007. aIncludes bibliographical references (p. [511]-538) and index. 0aSocial policy.zGreat Britain1 aBaldock, John,d1948-